000 01860nam a22002894a 4500
001 501
003 BR-IBIA
005 20260129100451.0
008 230113s2010 spb 000 0 por
020 _a9788576860761
040 _bpor
041 _hpor
082 0 4 _aB869.3
_bS762b
100 _aSpohr, Eduardo,
_d1976-
_91076
245 1 2 _aA batalha do apocalipse:
_bda queda dos anjos ao crepúsculo do mundo /
_cEduardo Spohr
250 _a18. ed.
260 _aCampinas, SP :
_bVerus,
_c2010.
300 _a586p. ;
500 _a
520 _aHá muitos e muitos anos, há tantos anos quanto o número de estrelas no céu, o Paraíso Celeste foi palco de um terrível levante. Um grupo de anjos guerreiros, amantes da justiça e da liberdade, desafiou a tirania dos poderosos arcanjos, levantando armas contra seus opressores. Expulsos, os renegados foram forçados ao exílio, e condenados a vagar pelo mundo dos homens até o dia do Juízo Final. Mas eis que chega o momento do Apocalipse, o tempo do ajuste de contas, o dia do despertar do Altíssimo. Único sobrevivente do expurgo, o líder dos renegados é convidado por Lúcifer, o Arcanjo Negro, a se juntar às suas legiões na batalha do Armagedon, o embate final entre o Céu e o Inferno, a guerra que decidirá não só o destino do mundo, mas o futuro do universo. Das ruínas da Babilônia ao esplendor do Império Romano; das vastas planícies da China aos gelados castelos da Inglaterra medieval. A Batalha do Apocalipse não é apenas uma viagem pela história humana, mas é também uma jornada de conhecimento, um épico empolgante, cheio de lutas heróicas, magia, romance e suspense.
650 0 4 _aLiteratura brasileira
_9205
650 0 0 _aFim do mundo
_91077
650 0 0 _aBem contra o mal
_91078
655 _aRomance
_923
655 _aFicção
_922
942 _2ddc
_n0
_cBK
999 _c501
_d501